000 00453nam a2200181Ia 4500
003 IN-BaIIA
008 211028s9999 xx 000 0 eng d
040 _cIIA Library
080 _a556
_bGIL
245 0 _aPrinciples of geology
250 _a2nd ed.
260 _aAmerica
_bW. H. Freeman
_c1959
300 _aviii, 534p.
490 _aA Series of Geology Texts
650 _aAstronomy and Astrophysics Thesaurus
650 _aGeology
942 _cBK
999 _c1908
_d1908